000 00438nam a22001697a 4500
003 NUST - PNEC
005 20170116181012.0
008 150913b xxu||||| |||| 00| 0 eng d
020 _a0340691433
040 _cLIBRARY
082 _a621.381044 FEW
100 _910282
_aFewson, Denis
245 _aIntroduction to power electronics
_cDenis Fewson
260 _cc.1998
650 _910283
_aPower electronics
_xEL, EE
942 _2ddc
_cBK
999 _c67156
_d67156